|
|
|
|
| LEADER |
00000nab a2200000 a 4500 |
| 001 |
vtls000480043 |
| 003 |
SK-MaSNL |
| 005 |
20260318125042.0 |
| 008 |
120927c1993 xo 0 hun |
| 015 |
|
|
|a SNBRB19rr/mm-uuuuu
|
| 035 |
|
|
|a CL0480178
|
| 040 |
|
|
|a SNKBUCL
|b slo
|c SNKBUCL
|e AACR2
|
| 041 |
0 |
|
|a hun
|
| 044 |
|
|
|a xo
|c SK
|
| 080 |
|
|
|a 940.1"05/07":902
|2 1981
|
| 080 |
|
|
|a 902
|2 1981
|
| 100 |
1 |
|
|a Bogoly, János
|4 aut
|9 291121
|
| 245 |
1 |
0 |
|a Bodrogköz és Ung - vidék őstörténete
|b Az avar és szláv korszak
|c János Bogoly ; Illusztr. Lajos Szkukálek
|
| 300 |
|
|
|b Obr. 1
|
| 500 |
|
|
|a Dokončenie
|
| 650 |
0 |
7 |
|a Avari
|2 snkbucl
|9 236363
|
| 650 |
0 |
7 |
|a Slovania
|2 snkbucl
|9 18587
|
| 650 |
0 |
7 |
|a archeologické nálezy
|2 snkbucl
|9 4975
|
| 650 |
0 |
7 |
|a Ung (oblasť)
|2 snkbucl
|9 1266967
|
| 651 |
|
7 |
|a Bodrog (Maďarsko)
|2 snkbucl
|9 180994
|
| 655 |
|
7 |
|a články z novín a časopisov
|2 snkbucl
|9 267496
|
| 700 |
1 |
|
|a Szkukálek, Ľudovít,
|d 1957-
|4 ill
|9 247171
|
| 773 |
0 |
|
|t Keleti napló
|g Roč. 4, č. 1 (1993), s. 8
|
| 850 |
|
|
|a Slovenská národná knižnica v Martine
|a MTA001
|
| 852 |
|
|
|a SNK
|b KIS3GCP
|
| 958 |
|
|
|a RK
|
| 992 |
|
|
|a RBX
|
| 999 |
|
|
|c 2268024
|d 2269954
|